Score 0/64 Timer 10:00
0 Plays Today
TV Show Character % Correct
How I Met Your MotherThe Mother
42.3%
Game of ThronesOberyn Martell
38.5%
The Walking DeadBeth
34.6%
Game of ThronesTywin Lannister
30.8%
CommunityPierce Hawthorne
26.9%
The Walking DeadBob
26.9%
SupernaturalDean Winchester
19.2%
ArrowSara Lance
19.2%
The Good WifeWill Gardner
19.2%
Game of ThronesShae
19.2%
Sons of AnarchyJuice
19.2%
Sons of AnarchyGemma
19.2%
House of CardsZoe Barnes
15.4%
Teen WolfAllison Argent
15.4%
Pretty Little LiarsMona Vanderwaal
15.4%
ArrowMoira Queen
15.4%
Once Upon a TimeNeal Cassidy
15.4%
True BloodBill Compton
15.4%
Sons of AnarchyBobby Munson
15.4%
Sons of AnarchyUnser
15.4%
Sons of AnarchyJax Teller
15.4%
Switched at BirthAngelo Sorrento
11.5%
Agents of SHIELDJohn Garrett
11.5%
How to get away with MurderSam Keating
11.5%
Under the DomeAngie
11.5%
24: Live Another DayAudrey Raines
11.5%
Boardwalk EmpireNucky Thompson
11.5%
FargoLorne Malvo
11.5%
American Horror Story: Freak ShowMa Petite
11.5%
Mad MenBertram Cooper
11.5%
Hemlock GroveNorman Godfrey
7.7%
Rizzoli and IslesDetective Barry Frost
7.7%
TV Show Character % Correct
The Vampire DiariesKatherine Pierce
7.7%
NashvilleLamar Wyatt
7.7%
ScandalHarrison Wright
7.7%
ScandalJames Novak
7.7%
RevengeDaniel Grayson
7.7%
Hawaii Five-0Wo Fat
7.7%
Under the DomePauline Rennie
7.7%
Under the DomeRebecca Pine
7.7%
HannibalBeverly Katz
7.7%
Chicago FireLeslie Shay
7.7%
BonesDoctor Lance Sweets
7.7%
True BloodAlcide Herveaux
7.7%
American Horror Story: Freak ShowEthel Darling
7.7%
Orphan BlackDr. Aldous Leekey
3.8%
ResurrectionJ. Martin Bellamy
3.8%
ResurrectionPastor Tom Hale
3.8%
RevengeAiden Mathis
3.8%
RevengeConrad Grayson
3.8%
Under the DomeDeputy Linda
3.8%
Under the DomePhil Bushey
3.8%
The BlacklistMeera Malik
3.8%
The BlacklistAlan Fitch
3.8%
The BlacklistBerlin
3.8%
The SimpsonsRabbi Hayman Krustofsky
3.8%
The FollowingEmma Hill
3.8%
Sleepy HollowCaptain Frank Irving
3.8%
HomelandFara Sherazi
3.8%
The NewsroomCharlie Skinner
3.8%
True BloodTara Thornton
3.8%
Game of ThronesYgrette
3.8%
Game of ThronesKing Joffrey Baratheon
3.8%
American Horror Story: CovenMisty Day
3.8%
Remove Ads.
Support Sporcle.
Get the best of Sporcle when you Go Orange. This ad-free experience offers more features, more stats, and more fun while also helping to support Sporcle. Thank you for becoming a member.

You're not logged in!

Compare scores with friends on all Sporcle quizzes.
OR
Log In

Show Comments

Extras

Top Quizzes Today


Score Distribution

Your Account Isn't Verified!

In order to create a playlist on Sporcle, you need to verify the email address you used during registration. Go to your Sporcle Settings to finish the process.

Report this User

Report this user for behavior that violates our Community Guidelines.

Details: